000 00294nam a22001337a 4500
008 170214b xxu||||| |||| 00| 0 eng d
020 _a0815170971
041 _aeng
080 _24TH
_a61
100 _a4
101 _aSHM
245 _aCLINICAL LABORATORY MEDICINE
_cRAVEL, E
942 _2udc
_cBK
999 _c5460
_d5460